00407cam a22001337a 4500008004000000082001400040100001800054245009800072260002400170300001000194440003300204650001900237650001700256180718b1932 xxu||||| |||| 00| 0 eng d aK933 T799 aTuckett, Ivor aEvidence for the supernatural: a critical study made with ''Uncommon Sense''cby Ivor Tuckett aLondonbWattsc1932 a146p. aThe Thinker's Library No. 27 aParapsychology aSupernatural